| 000 | 00469nam a2200181Ia 4500 | ||
|---|---|---|---|
| 005 | 20250603145927.0 | ||
| 008 | 250603s9999 xx 000 0 und d | ||
| 020 | _a9789787702918 | ||
| 050 | _aKP 65. M3/ | ||
| 100 | _aMaduafor.Ngozi Joy | ||
| 245 | 4 | _aThe Role of Clinical Legal Education in Primary Legal Aid Servicesin Nigeria | |
| 260 | _aAbuja | ||
| 260 | _bMpezi Initiative | ||
| 260 | _c2024 | ||
| 300 | _ax,310 pg,24cm | ||
| 650 | _aAbuja | ||
| 942 | _cBK | ||
| 999 |
_c43268 _d43268 |
||